Unbekannte Sahara : mit flugzeug und auto in der Libyschen wüste /
Main Author:
Other Authors:
Format: Book
Language: German
Published:
Leipzig :
F.A. Brockhaus,
1942.
Edition: 3. aufl.
Subjects:
Tags: Add Tag
Call Number: DT55 .A634 1942
| LEADER | 00932namaa2200265 4500 | ||
|---|---|---|---|
| 001 | 18936 | ||
| 003 | OSt | ||
| 005 | 20260326131820.0 | ||
| 008 | 130303s1942 gw abcf 000 0 ger d | ||
| 010 | |a 45013402 | ||
| 040 | |c ARCE Library | ||
| 043 | |a f-ly--- | ||
| 050 | 4 | |a DT55 .A634 1942 | |
| 100 | 1 | |a Almásy, László, |d 1895-1951, |e author | |
| 245 | 1 | 0 | |a Unbekannte Sahara : |b mit flugzeug und auto in der Libyschen wüste / |c bearbeitet von Hansjoachim von der Esch. Mit 91 abbildungen sowie 2 karten. |
| 250 | |a 3. aufl. | ||
| 264 | 1 | |a Leipzig : |b F.A. Brockhaus, |c 1942. | |
| 300 | |a 215 pages : |b illustrations, maps, plates, portraits ; |c 24 cm. | ||
| 500 | |a At head of title: L.E. Almásy. | ||
| 500 | |a "Ungarische originalausgabe: 'Az ismeretlen Szahara.'" | ||
| 651 | 0 | |a Libyan Desert |x Description and travel. | |
| 700 | 1 | |a Esch, Hansjoachim von der, |d 1899- | |
| 901 | |a reviewed | ||
| 942 | |c BK |2 lcc | ||
| 999 | |c 15988 |d 15988 | ||
